• 首页
  • 本馆介绍
  • 公告通知
  • 最新文献
  • 馆藏检索
  • 电子资源
  • 读者导购
  • 参考咨询
  • 我的图书馆
  • 登录
  • 详细信息显示
  • 放入我的书架
  • 预约/预借图书
  • 作者相关作品
  • 分类相关作品
  • 丛书相关作品
  • 出版社相关作品

书目信息

  • 表格格式
  • 工作单格式
  • 卡片格式
题名:
我们这一代
    
 
作者: 肖全 摄
分册:  
出版信息: 广州   花城出版社  2006
页数: 224页
开本: 24cm
丛书名:
单 册:
中图分类: J423
科图分类:
主题词: 人像摄影--中国--现代--摄影集 , 随笔--中国--现代--选集 , 人像摄影 , 随笔
电子资源:
ISBN: 7-5360-4724-X
000 00821nam0 2200277 450
001 012007796220
005 20070708090723.59
010    @a7-5360-4724-X@dCNY39.80
100    @a20070705d2006 km y0chiy0120 ea
101 0  @achi
102    @aCN@b440000
105    @aa z 000yy
106    @ar
200 1  @a我们这一代@Awo men zhe yi dai@f肖全摄@Fxiao quan she
210    @a广州@c花城出版社@d2006
215    @a224页@c图@d24cm
330    @a本书所摄录的人物都是当今文艺界的精英以及大腕级人物。记录了这一代人曾经的缺失、渴望以及对个人命运的抗争。
510 1  @aOur generation@zeng
606 0  @a人像摄影@y中国@z现代@j摄影集
606 0  @a随笔@y中国@z现代@j选集
606 0  @a人像摄影
606 0  @a随笔
690    @aJ423@v4
701  0 @a肖全@Axiao quan@4摄
801  0 @aCN@bRULIN@c20070708
905    @dJ423@e201@s8
    
    我们这一代/肖全摄.-广州:花城出版社,2006
    224页:图;24cm
    
    
    ISBN 7-5360-4724-X:CNY39.80
    本书所摄录的人物都是当今文艺界的精英以及大腕级人物。记录了这一代人曾经的缺失、渴望以及对个人命运的抗争。
●
相关链接 在E读中查询图书 在五车中查询图书 在当当中查询图书 在豆瓣中查询图书


正题名:我们这一代     索取号:J423/201         预约/预借

序号 登录号 条形码 馆藏地/架位号 状态 备注
1 0583284   205832848   第一样本阅览室/ [索取号:J423/201] 在馆    
2 0583285   205832857   第一借阅区/ [索取号:J423/201] 在馆    
3 0583286   205832866   第一借阅区/ [索取号:J423/201] 在馆    
4 0583287   205832875   第一借阅区/ [索取号:J423/201] 在馆    
5 0583288   205832884   第一借阅区/ [索取号:J423/201] 在馆    
6 0583289   205832893   第一借阅区/ [索取号:J423/201] 在馆    
7 0583290   205832900   第一借阅区/ [索取号:J423/201] 在馆    
8 0583291   205832919   第一借阅区/ [索取号:J423/201] 在馆    
唐山师范学院图书馆 欢迎您!
大连网信软件有限公司© 版权所有